Movie Marquee Mix-Ups (2000s) Quiz Stats

Quiz Updated Feb 12, 2015

Challenge
Share
Tweet
Score 0/30 Timer 06:00
1 Play Today
% Correct
Must Love Dogs
95.5%
The Hangover
95.2%
Planet of the Apes
95.1%
Remember the Titans
93.6%
Get Smart
93.6%
Ocean's Eleven
93.5%
The Men Who Stare at Goats
93%
Anger Management
92.8%
The Bourne Identity
92.7%
Enemy at the Gates
92.3%
Cast Away
92%
All the Pretty Horses
90.8%
Bad Santa
90.8%
American Gangster
90.7%
Dawn of the Dead
90.6%
% Correct
You, Me and Dupree
90.6%
Mean Girls
89.7%
American Psycho
85.3%
Monsters vs Aliens
83.4%
Slumdog Millionaire
82.6%
The Manchurian Candidate
77.8%
Coach Carter
77%
Wonder Boys
72.3%
Talladega Nights
62.5%
The Royal Tenenbaums
60.1%
Shanghai Noon
59.9%
Vicky Cristina Barcelona
59.9%
Gladiator
58.3%
Garden State
52.6%
Intolerable Cruelty
47.9%

You're not logged in!

Compare scores with friends on all Sporcle quizzes.
Sign Up with Email
OR
Log In

You Might Also Like...

Show Comments

Extras

Top Quizzes Today


Score Distribution

Your Account Isn't Verified!

In order to create a playlist on Sporcle, you need to verify the email address you used during registration. Go to your Sporcle Settings to finish the process.